[Event "9.th Korbach B Open"]
[Site "Korbach"]
[Date "2017.10.21"]
[Round "4.10"]
[White "Schulz, Daniel"]
[Black "Hoelss, Manuel"]
[Result "1/2-1/2"]
[WhiteElo "1537"]
[BlackElo "1739"]
[PlyCount "45"]
[EventDate "2017.10.19"]
[EventType "swiss"]
[EventRounds "7"]
[EventCountry "GER"]
[SourceDate "2017.10.24"]

1. d4 Nf6 2. c4 c5 3. Nf3 cxd4 4. Nxd4 e5 5. Nc2 b6 6. Nc3 Na6 7. e4 Bb7 8. Bd3
Nb4 9. f3 Nh5 10. Be3 Qh4+ 11. Bf2 Qg5 12. g3 Bc5 13. Bxc5 bxc5 14. Nxb4 cxb4
15. Nd5 Bxd5 16. cxd5 Rc8 17. Qd2 Qf6 18. Ke2 Qb6 19. Rac1 O-O 20. Rxc8 Rxc8
21. Rc1 Rxc1 22. Qxc1 Qb7 23. Qg5 1/2-1/2

[Event "9.th Korbach B Open"]
[Site "Korbach"]
[Date "2017.10.21"]
[Round "4.11"]
[White "Schmechtig, Lucas"]
[Black "Lasschuit, Rene"]
[Result "0-1"]
[WhiteElo "1453"]
[BlackElo "1733"]
[PlyCount "132"]
[EventDate "2017.10.19"]
[EventType "swiss"]
[EventRounds "7"]
[EventCountry "GER"]
[SourceDate "2017.10.24"]

1. c4 c5 2. g3 g6 3. Bg2 Bg7 4. Nc3 Nc6 5. e4 e5 6. Nge2 Nge7 7. O-O O-O 8. d3
d6 9. h3 h6 10. f4 f5 11. Rb1 Rb8 12. a3 a6 13. Kh2 Be6 14. b4 cxb4 15. axb4 b5
16. cxb5 axb5 17. Be3 d5 18. exd5 Nxd5 19. Nxd5 Bxd5 20. Bxd5+ Qxd5 21. Qb3
Qxb3 22. Rxb3 Nd4 23. Nxd4 exd4 24. Bc1 Rbc8 25. g4 Rc3 26. Rxc3 dxc3 27. Kg3
Rd8 28. Rf3 Rd4 29. Ba3 Bf8 30. Re3 fxg4 31. hxg4 Bxb4 32. Bxb4 Rxb4 33. Re8+
Kf7 34. Rc8 Rb3 35. Kf3 b4 36. Ke3 Ra3 37. Kd4 Ra6 38. Kc4 Rf6 39. f5 gxf5 40.
gxf5 Rb6 41. Kb3 Kf6 42. Rg8 Kxf5 43. Rg2 Kf4 44. d4 Ke4 45. Rg4+ Kd5 46. Rh4
Rc6 47. Kc2 Kc4 48. d5+ Kxd5 49. Rxb4 Rc4 50. Rb5+ Kd4 51. Rh5 Rc6 52. Rh3 Ke4
53. Rh4+ Kf3 54. Rh5 Kg4 55. Rh1 h5 56. Rg1+ Kf3 57. Rg5 Rh6 58. Kxc3 h4 59.
Kd2 h3 60. Rf5+ Kg4 61. Rf1 h2 62. Rh1 Kg3 63. Ke3 Kg2 64. Rd1 h1=Q 65. Rd8
Qe1+ 66. Kf4 Qh4+ 0-1

[Event "9.th Korbach B Open"]
[Site "Korbach"]
[Date "2017.10.21"]
[Round "4.12"]
[White "Deutsch, Oliver"]
[Black "Schloemer, Andreas"]
[Result "0-1"]
[WhiteElo "1408"]
[BlackElo "1704"]
[PlyCount "62"]
[EventDate "2017.10.19"]
[EventType "swiss"]
[EventRounds "7"]
[EventCountry "GER"]
[SourceDate "2017.10.24"]

1. e4 c5 2. Nf3 d6 3. Bb5+ Bd7 4. Bxd7+ Qxd7 5. d4 cxd4 6. Nxd4 Nf6 7. Nc3 Nc6
8. O-O g6 9. Be3 Bg7 10. Qd2 O-O 11. Rad1 Ng4 12. Nxc6 bxc6 13. Bd4 Ne5 14. b3
Qc7 15. f4 Nd7 16. Bxg7 Kxg7 17. f5 Ne5 18. fxg6 fxg6 19. Rf2 Rxf2 20. Qxf2 Rf8
21. Qd4 Qb6 22. Ne2 Qa6 23. c4 Qxa2 24. Qe3 Qa3 25. Nd4 Rf6 26. Qh3 h6 27. Ne6+
Kf7 28. Nd4 Qa2 29. Qxh6 Qf2+ 30. Kh1 Qf1+ 31. Rxf1 Rxf1# 0-1

[Event "9.th Korbach B Open"]
[Site "Korbach"]
[Date "2017.10.21"]
[Round "4.14"]
[White "Pohle, Saskia"]
[Black "Bahr, Arne"]
[Result "0-1"]
[WhiteElo "1376"]
[BlackElo "1696"]
[PlyCount "130"]
[EventDate "2017.10.19"]
[EventType "swiss"]
[EventRounds "7"]
[EventCountry "GER"]
[SourceDate "2017.10.24"]

1. e4 g6 2. d4 Nf6 3. Nc3 d5 4. exd5 Nxd5 5. Bc4 Nxc3 6. Qf3 e6 7. Qxc3 Bg7 8.
Nf3 O-O 9. O-O Qd6 10. Be3 Nc6 11. Rfe1 b6 12. Rad1 Bb7 13. Qd2 Qb4 14. Bb3
Qxd2 15. Rxd2 Na5 16. Rd3 Nxb3 17. Rxb3 Bxf3 18. gxf3 Rfd8 19. Rd3 c5 20. Red1
c4 21. R3d2 Rd5 22. c3 b5 23. a3 a6 24. Ra1 Bf8 25. Re2 Rad8 26. Kf1 Bd6 27.
Kg2 Kg7 28. h4 Be7 29. Rh1 Bf6 30. Ree1 a5 31. Reg1 Rh5 32. Kg3 Be7 33. f4 Rdd5
34. Kg4 b4 35. axb4 axb4 36. Rc1 b3 37. Ra1 Ra5 38. f3 Rxh4+ 39. Rxh4 Rxa1 40.
Rh2 h5+ 41. Kg3 Ra2 42. Re2 Kf6 43. d5 Bd6 44. Bd4+ Ke7 45. dxe6 fxe6 46. Be3
Kf7 47. Kf2 e5 48. fxe5 Bxe5 49. Bc1 Bf6 50. Kg3 Bxc3 51. Kf2 Bd4+ 52. Ke1 c3
53. bxc3 Bxc3+ 54. Kf2 Rxe2+ 55. Kxe2 b2 56. Bxb2 Bxb2 57. Kf2 Kf6 58. Kg3 Kf5
59. Kh3 Kf4 60. Kg2 Bd4 61. Kh2 Kxf3 62. Kh3 g5 63. Kh2 g4 64. Kh1 Be3 65. Kh2
g3+ 0-1

[Event "9.th Korbach B Open"]
[Site "Korbach"]
[Date "2017.10.21"]
[Round "4.16"]
[White "John, Volkmar"]
[Black "Clement, Marc"]
[Result "1/2-1/2"]
[WhiteElo "1861"]
[BlackElo "1561"]
[PlyCount "64"]
[EventDate "2017.10.19"]
[EventType "swiss"]
[EventRounds "7"]
[EventCountry "GER"]
[SourceDate "2017.10.24"]

1. e4 c5 2. Nf3 d6 3. d4 cxd4 4. Nxd4 a6 5. Nc3 e6 6. Be2 Nf6 7. Be3 Be7 8. O-O
O-O 9. f4 Nc6 10. Nb3 b5 11. a3 Qc7 12. Bf3 Bb7 13. Qe2 Rab8 14. Rad1 Rfd8 15.
g4 Na5 16. Nxa5 Qxa5 17. Qf2 Ba8 18. Ba7 Qc7 19. Bxb8 Rxb8 20. Kh1 h6 21. Rde1
Qd8 22. e5 Nxg4 23. Qg2 Bxf3 24. Qxf3 h5 25. h3 Nh6 26. Qxh5 Nf5 27. Qg4 Bh4
28. Ne4 Bxe1 29. Rxe1 dxe5 30. fxe5 Qd5 31. Qg2 Qxe5 32. Qh2 Qxh2+ 1/2-1/2

[Event "9.th Korbach B Open"]
[Site "Korbach"]
[Date "2017.10.21"]
[Round "4.18"]
[White "Schneider, Udo"]
[Black "Fromm, Nick"]
[Result "1/2-1/2"]
[WhiteElo "1761"]
[BlackElo "1443"]
[PlyCount "92"]
[EventDate "2017.10.19"]
[EventType "swiss"]
[EventRounds "7"]
[EventCountry "GER"]
[SourceDate "2017.10.24"]

1. d4 d5 2. c4 c6 3. cxd5 cxd5 4. Nc3 Nf6 5. Qb3 Nc6 6. Nf3 b6 7. Bg5 e6 8. e3
Be7 9. Bb5 Bd7 10. O-O O-O 11. Qa4 Qc7 12. Rac1 a6 13. Bxc6 Bxc6 14. Qc2 Qb7
15. Ne5 Rfc8 16. Qb3 b5 17. a3 h6 18. Bxf6 Bxf6 19. Nd3 Be7 20. Na2 a5 {
Remisangebot} 21. Nc5 Bxc5 22. Rxc5 Bd7 23. Rfc1 Rxc5 24. Rxc5 Rc8 25. Qc3 Rxc5
26. Qxc5 Qc6 27. b4 Qxc5 28. dxc5 a4 29. Kf1 Kf8 30. Ke2 Ke7 31. Nc3 Bc6 32. f3
e5 33. Kd3 f5 34. e4 dxe4+ 35. fxe4 f4 36. Ke2 Ke6 37. Kf3 g5 38. Kg4 Be8 39.
h4 Kf6 40. Nd5+ Kg6 41. hxg5 Bd7+ 42. Kf3 Kxg5 43. Ne7 Kf6 44. Ng8+ Kg7 45. Ne7
Kf6 {Remisangebot} 46. Nd5+ Kg5 1/2-1/2

[Event "9.th Korbach B Open"]
[Site "Korbach"]
[Date "2017.10.21"]
[Round "4.19"]
[White "Werner, Elmar"]
[Black "Bayer, Melissa"]
[Result "1/2-1/2"]
[WhiteElo "1740"]
[BlackElo "1523"]
[PlyCount "57"]
[EventDate "2017.10.19"]
[EventType "swiss"]
[EventRounds "7"]
[EventCountry "GER"]
[SourceDate "2017.10.24"]

1. d4 d5 2. c4 e6 3. Nc3 Be7 4. Bf4 Nf6 5. e3 O-O 6. Nf3 Nh5 7. Bg3 Nxg3 8.
hxg3 b6 9. Qc2 h6 10. Ne5 Bd6 11. Ng4 Qg5 12. Nxh6+ gxh6 13. Rh3 Bb7 14. f4 Qg6
15. Bd3 f5 16. Kf2 Rf6 17. Rah1 Bf8 18. Nb5 Na6 19. g4 Nb4 20. Qb1 Nxd3+ 21.
Qxd3 dxc4 22. Qxc4 fxg4 23. Rg3 Rf7 24. Qe2 Rg7 25. Rh4 Qf5 26. Rxh6 Ba6 27. a4
Be7 28. Qd1 Bd8 29. Qb3 1/2-1/2

[Event "9.th Korbach B Open"]
[Site "Korbach"]
[Date "2017.10.21"]
[Round "4.20"]
[White "Werner, Rosalie"]
[Black "Niemeyer, Norbert"]
[Result "1/2-1/2"]
[WhiteElo "1404"]
[BlackElo "1678"]
[PlyCount "118"]
[EventDate "2017.10.19"]
[EventType "swiss"]
[EventRounds "7"]
[EventCountry "GER"]
[SourceDate "2017.10.24"]

1. e4 Nf6 2. e5 Nd5 3. d4 d6 4. c4 Nb6 5. exd6 exd6 6. Bd3 Be7 7. Nc3 O-O 8.
Nge2 Nc6 9. b3 Bg4 10. Be3 Nd7 11. h3 Bh5 12. Qd2 Nf6 13. Nf4 Bg6 14. Nxg6 hxg6
15. a3 d5 16. c5 Bxc5 17. dxc5 d4 18. Bg5 dxc3 19. Qxc3 Re8+ 20. Kf1 Qd4 21.
Qxd4 Nxd4 22. Rb1 Re5 23. b4 Rxg5 24. Rd1 Re5 25. Bxg6 Nc2 26. Bxc2 Rae8 27. g3
Nd5 28. f4 Ne3+ 29. Kg1 R5e7 30. Rc1 Nd5 31. Bb3 {Remisangebot} Nf6 32. Ba4 Rd8
33. Rd1 Rxd1+ 34. Bxd1 Re3 35. Kf2 Rxa3 36. Re1 Ra2+ 37. Re2 Rxe2+ 38. Bxe2 {
Remisangebot} c6 39. Bf3 Kf8 40. Ke3 Ke7 41. Kd4 Kd7 42. g4 Kc7 43. g5 Nd7 44.
Bg4 Nb8 45. f5 Na6 46. Kc4 b6 47. f6 g6 48. h4 Kd8 49. h5 gxh5 50. Bxh5 Ke8 51.
cxb6 axb6 52. b5 cxb5+ 53. Kxb5 Nc7+ 54. Kxb6 Ne6 55. g6 fxg6 56. Bxg6+ Kf8 57.
Kc6 Nf4 58. Be4 Nh5 59. Kd6 Nxf6 1/2-1/2

[Event "9.th Korbach B Open"]
[Site "Korbach"]
[Date "2017.10.21"]
[Round "4.21"]
[White "Wachsmann, Elmar"]
[Black "De Heij, Mees"]
[Result "1-0"]
[WhiteElo "1663"]
[BlackElo "1343"]
[PlyCount "119"]
[EventDate "2017.10.19"]
[EventType "swiss"]
[EventRounds "7"]
[EventCountry "GER"]
[SourceDate "2017.10.24"]

1. d4 d5 2. Nf3 Nf6 3. c4 c6 4. e3 Bf5 5. Nc3 e6 6. Be2 Bd6 7. O-O O-O 8. a3
Nbd7 9. b4 Bb8 10. b5 Qc7 11. bxc6 bxc6 12. a4 Ne4 13. Bd2 Nxc3 14. Bxc3 Be4
15. g3 Nb6 16. Ba5 Qe7 17. Bxb6 axb6 18. Qb3 Bc7 19. Rfc1 Qf6 20. Nd2 dxc4 21.
Nxe4 cxb3 22. Nxf6+ gxf6 23. Rxc6 Rfc8 24. Bb5 Bd6 25. Rxd6 b2 26. Rd8+ Kg7 27.
Rf1 Rc1 28. Rxa8 Rxf1+ 29. Bxf1 b1=Q 30. Ra6 Kg6 31. Ra7 Qa1 32. Kg2 e5 33.
dxe5 Qxe5 34. Kg1 Qb8 35. Rd7 Qe8 36. Rd4 Qa8 37. Bd3+ Kg7 38. Rh4 h6 39. Rg4+
Kf8 40. Bh7 Ke7 41. Bd3 Qa7 42. Bb5 Qa8 43. Rh4 Qh8 44. Re4+ Kd8 45. Re8+ Qxe8
46. Bxe8 Kxe8 47. Kf1 Kd7 48. Ke2 Kc6 49. Kd3 Kc5 50. Kc3 b5 51. axb5 Kxb5 52.
Kd4 Kc6 53. Ke4 Kd7 54. Kf5 Ke7 55. g4 Kf8 56. Kxf6 Kg8 57. h4 Kh7 58. Kxf7 h5
59. g5 Kh8 60. e4 1-0

[Event "9.th Korbach B Open"]
[Site "Korbach"]
[Date "2017.10.21"]
[Round "4.26"]
[White "Yon, Gregory"]
[Black "Bayer, Oliver"]
[Result "1-0"]
[WhiteElo "1588"]
[BlackElo "1670"]
[PlyCount "61"]
[EventDate "2017.10.19"]
[EventType "swiss"]
[EventRounds "7"]
[EventCountry "GER"]
[SourceDate "2017.10.24"]

1. d4 d5 2. Bf4 Nf6 3. e3 Nc6 4. c3 Bf5 5. Bd3 Bxd3 6. Qxd3 e6 7. Nf3 Bd6 8.
Bg3 Qd7 9. Nbd2 h6 10. Ne5 Bxe5 11. dxe5 Nh5 12. f4 Nxg3 13. hxg3 Ne7 14. g4 c5
15. O-O-O c4 16. Nxc4 a6 17. Nd6+ Kf8 18. g5 h5 19. g4 h4 20. Rh3 b5 21. Rdh1
Ng6 22. Qd4 Ne7 23. Rxh4 Rxh4 24. Rxh4 Ng8 25. Qd3 Qc6 26. Rh8 g6 27. Rh7 Ra7
28. f5 gxf5 29. gxf5 exf5 30. Qxf5 Qd7 31. e6 1-0

[Event "9.th Korbach B Open"]
[Site "Korbach"]
[Date "2017.10.21"]
[Round "4.27"]
[White "Bach, Oliver"]
[Black "Kirchner, Stefan"]
[Result "1/2-1/2"]
[WhiteElo "1651"]
[BlackElo "1550"]
[PlyCount "50"]
[EventDate "2017.10.19"]
[EventType "swiss"]
[EventRounds "7"]
[EventCountry "GER"]
[SourceDate "2017.10.24"]

1. d4 f5 2. c4 g6 3. Nc3 Nf6 4. Bf4 Bg7 5. Qd2 O-O 6. O-O-O d6 7. Bh6 c6 8. h4
Qe8 9. f3 Nh5 10. Bxg7 Kxg7 11. e4 Ng3 12. Rh2 e5 13. exf5 Nxf1 14. Rxf1 Bxf5
15. g4 Be6 16. dxe5 dxe5 17. Qe2 Nd7 18. h5 Bf7 19. Rd1 Rd8 20. h6+ Kg8 {
Remisangebot} 21. Ne4 Qe7 22. Qc2 b5 23. Rhd2 Bxc4 24. b3 Bd5 25. Kb2 a5
1/2-1/2

[Event "9.th Korbach B Open"]
[Site "Korbach"]
[Date "2017.10.21"]
[Round "4.28"]
[White "Lehmann, Nils"]
[Black "Beisinghoff, Rudolf"]
[Result "0-1"]
[WhiteElo "1542"]
[BlackElo "1648"]
[PlyCount "108"]
[EventDate "2017.10.19"]
[EventType "swiss"]
[EventRounds "7"]
[EventCountry "GER"]
[SourceDate "2017.10.24"]

1. e4 e5 2. Nf3 Nc6 3. Bc4 d6 4. d3 Bg4 5. c3 h6 6. Nbd2 Nf6 7. Nf1 Qd7 8. Ng3
g6 9. h3 Be6 10. Bb3 Bg7 11. Bc2 g5 12. d4 Bc4 13. d5 Ne7 14. Bd3 Qb5 15. a4
Qa6 16. Bc2 c5 17. b3 Bb5 18. Be3 Bd7 19. Bd3 Qa5 20. Qc2 b5 21. Qb2 bxa4 22.
bxa4 O-O 23. Qc2 Nc8 24. Bd2 Rb8 25. O-O Qc7 26. Rfb1 Nb6 27. a5 Na8 28. Rxb8
Rxb8 29. Qa2 Kh7 30. Bc2 g4 31. hxg4 Bxg4 32. Nh2 Bd7 33. Nhf1 h5 34. Ne3 Bh6
35. Ba4 h4 36. Bxd7 hxg3 37. Bf5+ Kh8 38. fxg3 Rg8 39. Kf2 Qd8 40. Rh1 Kg7 41.
Nc4 Rh8 42. Bxh6+ Rxh6 43. Rxh6 Kxh6 44. Qd2+ Kg7 45. Qg5+ Kf8 46. Qh6+ Ke7 47.
Qg7 Nc7 48. Nd2 Nce8 49. Qg5 Qxa5 50. Qe3 Ng7 51. g4 Qa2 52. Qe2 Qc2 53. Qe3
Nxf5 54. exf5 Nxg4+ 0-1

[Event "9.th Korbach B Open"]
[Site "Korbach"]
[Date "2017.10.21"]
[Round "4.29"]
[White "Siepen, Ralf"]
[Black "Hofmann, Niclas"]
[Result "1/2-1/2"]
[WhiteElo "1640"]
[BlackElo "1534"]
[PlyCount "44"]
[EventDate "2017.10.19"]
[EventType "swiss"]
[EventRounds "7"]
[EventCountry "GER"]
[SourceDate "2017.10.24"]

1. Nf3 d5 2. c4 e6 3. g3 Nf6 4. Bg2 c6 5. b3 Be7 6. Bb2 O-O 7. O-O Nbd7 8. d4
b6 9. Nc3 Bb7 10. Re1 Qc7 11. cxd5 exd5 12. Rc1 Qd6 13. Nh4 g6 14. Qd2 Rfe8 15.
Nf3 Bf8 16. e3 Ba6 17. Qd1 Rac8 18. Nb1 Qe6 19. Ba3 Bxa3 20. Nxa3 Ne4 21. Nb1
Ndf6 22. Nc3 Qf5 1/2-1/2

[Event "9.th Korbach B Open"]
[Site "Korbach"]
[Date "2017.10.21"]
[Round "4.30"]
[White "Weber, Detlef"]
[Black "Moderow, Ramon"]
[Result "1-0"]
[WhiteElo "1628"]
[BlackElo "1516"]
[PlyCount "91"]
[EventDate "2017.10.19"]
[EventType "swiss"]
[EventRounds "7"]
[EventCountry "GER"]
[SourceDate "2017.10.24"]

1. e4 e5 2. Nf3 Nc6 3. Bc4 Bc5 4. c3 Nf6 5. d3 d6 6. a3 Bg4 7. b4 Bb6 8. O-O
Qd7 9. Be3 Ne7 10. Nbd2 Ng6 11. d4 exd4 12. cxd4 d5 13. exd5 Nxd5 14. Qb3 Nxe3
15. fxe3 f6 16. Ne4 O-O-O 17. h3 Rhe8 18. Nc5 Bxc5 19. bxc5 Be6 20. Rab1 b6 21.
cxb6 axb6 22. Rfc1 Bxc4 23. Rxc4 Re6 24. Rbc1 Re7 25. Qxb6 Qd6 26. Rc6 Qg3 27.
Qa6+ Kd7 28. Rxc7+ Ke8 29. Rxe7+ Nxe7 30. Qe6 Qd6 31. Qxd6 Rxd6 32. e4 Ra6 33.
Ra1 Ra4 34. Kf2 Nc6 35. Ke3 Nb4 36. Kd2 Nc6 37. Kc3 Ra7 38. d5 Ne7 39. a4 Nc8
40. a5 Rc7+ 41. Kd3 Ke7 42. Nd4 Rc5 43. a6 Na7 44. Nc6+ Nxc6 45. dxc6 Rxc6 46.
a7 1-0

[Event "9.th Korbach B Open"]
[Site "Korbach"]
[Date "2017.10.21"]
[Round "4.31"]
[White "Warter, Simon"]
[Black "Langhammer, Joerg"]
[Result "1/2-1/2"]
[WhiteElo "1410"]
[BlackElo "1732"]
[PlyCount "37"]
[EventDate "2017.10.19"]
[EventType "swiss"]
[EventRounds "7"]
[EventCountry "GER"]
[SourceDate "2017.10.24"]

1. e4 e6 2. Nf3 d5 3. exd5 exd5 4. d4 Bd6 5. Bd3 Ne7 6. O-O O-O 7. Nc3 c6 8.
Ne2 Bf5 9. Bg5 f6 10. Bc1 Qd7 11. Ng3 Bg4 12. c3 a5 13. a4 Na6 14. h3 Bxg3 15.
fxg3 Bf5 16. Qc2 Bxd3 17. Qxd3 Qf5 18. Ne5 Qxd3 19. Nxd3 1/2-1/2

[Event "9.th Korbach B Open"]
[Site "Korbach"]
[Date "2017.10.21"]
[Round "4.32"]
[White "Engel, Markus"]
[Black "Spinnler, Wolfgang"]
[Result "0-1"]
[WhiteElo "1461"]
[BlackElo "1591"]
[PlyCount "76"]
[EventDate "2017.10.19"]
[EventType "swiss"]
[EventRounds "7"]
[EventCountry "GER"]
[SourceDate "2017.10.24"]

1. d4 Nf6 2. c4 g6 3. Nf3 d6 4. Nc3 Bg7 5. e4 Bg4 6. h3 Bxf3 7. Qxf3 c6 8. Bd3
Qb6 9. Qe3 O-O 10. O-O Nfd7 11. Ne2 c5 12. dxc5 Nxc5 13. Rb1 Nxd3 14. Qxd3 Nc6
15. Be3 Qc7 16. a3 Ne5 17. Qb3 Qxc4 18. Qxc4 Nxc4 19. Nc3 Nxe3 20. fxe3 Bxc3
21. bxc3 b6 22. Rb3 Rac8 23. Rd1 Rc5 24. Rd5 Rfc8 25. Rxc5 Rxc5 26. Kf2 Kg7 27.
Kf3 Kf6 28. g4 g5 29. Ke2 Ke5 30. Kd3 d5 31. Rb4 e6 32. a4 f5 33. exf5 exf5 34.
gxf5 Kxf5 35. Rd4 h5 36. Rb4 Rc4 37. Rb5 Ke5 38. a5 Rc5 0-1

[Event "9.th Korbach B Open"]
[Site "Korbach"]
[Date "2017.10.21"]
[Round "4.33"]
[White "Hoelss, Silas"]
[Black "Deutsch, Volker"]
[Result "0-1"]
[WhiteElo "1467"]
[BlackElo "1612"]
[PlyCount "62"]
[EventDate "2017.10.19"]
[EventType "swiss"]
[EventRounds "7"]
[EventCountry "GER"]
[SourceDate "2017.10.24"]

1. e4 e5 2. Nf3 Nc6 3. Bc4 Bc5 4. d3 h6 5. O-O d6 6. h3 Nf6 7. Be3 Bb6 8. Nc3
Be6 9. Bb3 O-O 10. d4 exd4 11. Nxd4 Nxd4 12. Bxd4 Re8 13. Re1 Ba5 14. Qf3 Bxb3
15. axb3 Bxc3 16. bxc3 Re6 17. Rxa7 Rxa7 18. Bxa7 b6 19. e5 dxe5 20. Rd1 Qc8
21. c4 Re8 22. Qc6 Re6 23. Qa4 Qb7 24. Rd8+ Kh7 25. c5 b5 26. Qa1 Ra6 27. Qxe5
Qxa7 28. Qf5+ g6 29. Qc8 Ra1+ 30. Kh2 Qxc5 31. g4 Qxf2# 0-1

[Event "9.th Korbach B Open"]
[Site "Korbach"]
[Date "2017.10.21"]
[Round "4.35"]
[White "Wagener, Friedrich"]
[Black "Weltecke, Marco"]
[Result "1-0"]
[WhiteElo "1493"]
[BlackElo "1535"]
[PlyCount "25"]
[EventDate "2017.10.19"]
[EventType "swiss"]
[EventRounds "7"]
[EventCountry "GER"]
[SourceDate "2017.10.24"]

1. e4 e5 2. Bc4 Nf6 3. d4 Nc6 4. Nf3 exd4 5. O-O d5 6. exd5 Nxd5 7. Nxd4 Be6 8.
Nxe6 fxe6 9. Re1 Kf7 10. Qf3+ Kg8 11. Rxe6 Nd4 12. Qxd5 Qxd5 13. Bxd5 1-0

[Event "9.th Korbach B Open"]
[Site "Korbach"]
[Date "2017.10.21"]
[Round "4.36"]
[White "Unruh, Hartmut"]
[Black "Moderow, Manuel"]
[Result "0-1"]
[WhiteElo "1518"]
[BlackElo "1210"]
[PlyCount "138"]
[EventDate "2017.10.19"]
[EventType "swiss"]
[EventRounds "7"]
[EventCountry "GER"]
[SourceDate "2017.10.24"]

1. d4 Nf6 2. Bf4 d5 3. Nc3 Bf5 4. f3 e6 5. g4 Bg6 6. h4 h6 7. h5 Bh7 8. g5 hxg5
9. Bxg5 Bb4 10. a3 Bxc3+ 11. bxc3 Nbd7 12. e3 Qe7 13. c4 e5 14. Ne2 dxc4 15. c3
Qd6 16. Bh3 exd4 17. Qxd4 Qxd4 18. exd4 Nd5 19. Kd2 f6 20. Bh4 N7b6 21. Bg3 Kf7
22. Rhe1 Rhe8 23. Nf4 Nxf4 24. Bxf4 Nd5 25. Bg3 Bd3 26. Rxe8 Rxe8 27. Re1 Rxe1
28. Kxe1 c6 29. Kd2 Ke7 30. Bc8 b6 31. Bb8 a5 32. Bg3 Bh7 33. a4 Bg8 34. Ba6
Kd7 35. Bxc4 Bf7 36. Bxd5 cxd5 37. f4 Bxh5 38. Kd3 Bd1 39. c4 Kc6 40. Be1 Bxa4
41. c5 Bb5+ 42. Kc3 bxc5 43. dxc5 Kxc5 44. Bf2+ Kd6 45. Kd4 Bc4 46. Be1 a4 47.
Bb4+ Ke6 48. Bc5 Kf5 49. Ke3 Kg4 50. Bf8 g5 51. fxg5 fxg5 52. Bc5 Kh3 53. Kf3
g4+ 54. Kf2 g3+ 55. Kg1 Bd3 56. Ba3 Be4 57. Bc5 g2 58. Bd4 Kg4 59. Kf2 Kf5 60.
Ba1 Ke6 61. Bd4 Kd6 62. Kg1 Kc6 63. Kf2 Kb5 64. Ke2 Kb4 65. Kf2 Kb3 66. Ke2 a3
67. Kf2 Kc2 68. Kg1 Kb1 69. Kf2 a2 0-1

[Event "9.th Korbach B Open"]
[Site "Korbach"]
[Date "2017.10.21"]
[Round "4.37"]
[White "Leis, Michael"]
[Black "Dessens, John"]
[Result "1/2-1/2"]
[WhiteElo "1287"]
[BlackElo "1318"]
[PlyCount "97"]
[EventDate "2017.10.19"]
[EventType "swiss"]
[EventRounds "7"]
[EventCountry "GER"]
[SourceDate "2017.10.24"]

1. e4 d6 2. d4 Nf6 3. Nc3 Nbd7 4. Nf3 e5 5. d5 Be7 6. Bb5 O-O 7. O-O Nb6 8. Qd3
a6 9. Ba4 Nxa4 10. Nxa4 Bd7 11. b3 c6 12. c4 Qc7 13. Nc3 cxd5 14. exd5 Rac8 15.
Re1 b5 16. Ne4 bxc4 17. bxc4 Qxc4 18. Nxf6+ Bxf6 19. Qe4 Qxe4 20. Rxe4 Bf5 21.
Ra4 e4 22. Nd4 Bxd4 23. Rxd4 Rc2 24. Ba3 Rfc8 25. Kf1 R8c4 26. Rdd1 Kf8 27.
Bxd6+ Ke8 28. Bf4 Kd7 29. a3 Bg4 30. Rdc1 Rxc1+ 31. Rxc1 Rxc1+ 32. Bxc1 Kd6 33.
h3 Bd7 34. f3 exf3 35. gxf3 Bxh3+ 36. Kf2 Kxd5 37. Bb2 g6 38. Ke3 h5 39. Bf6
Bd7 40. Kf4 Ke6 41. Bd8 f6 42. Kg3 Bc6 43. Kf4 g5+ 44. Kg3 Kf5 45. Bc7 Ke6 46.
Bd8 Kd7 47. Bxf6 g4 48. fxg4 hxg4 49. Kxg4 1/2-1/2

[Event "9.th Korbach B Open"]
[Site "Korbach"]
[Date "2017.10.21"]
[Round "4.38"]
[White "Eurich, Eva"]
[Black "Margraf, Dieter"]
[Result "0-1"]
[WhiteElo "1084"]
[BlackElo "1441"]
[PlyCount "110"]
[EventDate "2017.10.19"]
[EventType "swiss"]
[EventRounds "7"]
[EventCountry "GER"]
[SourceDate "2017.10.24"]

1. d4 d5 2. Nf3 Nf6 3. Bf4 Bf5 4. e3 e6 5. h3 h6 6. Bd3 Bh7 7. O-O Bd6 8. Bxd6
Qxd6 9. Nc3 c6 10. Re1 Nbd7 11. Bxh7 Rxh7 12. e4 dxe4 13. Nxe4 Nxe4 14. Rxe4
O-O-O 15. Qd3 f5 16. Re2 g6 17. Qc3 Nf6 18. Qc5 Qxc5 19. dxc5 Re7 20. Ne5 g5
21. Nc4 Ne4 22. b4 Rd4 23. Nb2 Rxb4 24. Nd3 Rc4 25. a4 Nxc5 26. Nxc5 Rxc5 27.
a5 e5 28. Rd2 Rd7 29. Re2 Rdd5 30. a6 b6 31. Rc1 Ra5 32. c4 Rd4 33. g3 e4 34.
f3 Rxa6 35. Kf2 Ra5 36. f4 Ra3 37. Re3 Rd2+ 38. Re2 Rxe2+ 39. Kxe2 Rxg3 40. Rf1
g4 41. hxg4 Rxg4 42. Rh1 Rxf4 43. Ke3 Rf3+ 44. Kd4 e3 45. Rxh6 c5+ 46. Ke5 Kb7
47. Rh7+ Ka6 48. Re7 f4 49. Ke4 Rf2 50. Kd5 e2 51. Rh7 e1=Q 52. Rh3 Rd2+ 53.
Kc6 Qe8+ 54. Kc7 Qd7+ 55. Kb8 Qb7# 0-1

[Event "9.th Korbach B Open"]
[Site "Korbach"]
[Date "2017.10.21"]
[Round "5.1"]
[White "Koellner, Aaron Noah"]
[Black "Vega Lopez de Nava, Cesar Octavi"]
[Result "0-1"]
[WhiteElo "1930"]
[BlackElo "1922"]
[PlyCount "120"]
[EventDate "2017.10.19"]
[EventType "swiss"]
[EventRounds "7"]
[EventCountry "GER"]
[SourceDate "2017.10.24"]

1. d4 d5 2. Bf4 Nf6 3. e3 c5 4. c3 Nc6 5. Nd2 Bf5 6. Qb3 Qd7 7. Ngf3 c4 8. Qd1
e6 9. a4 Bd6 10. Bg3 h6 11. b3 cxb3 12. Qxb3 a6 13. Bxd6 Qxd6 14. Qxb7 O-O 15.
Qb2 e5 16. dxe5 Nxe5 17. Nxe5 Qxe5 18. Nf3 Qe4 19. Be2 Rfb8 20. Qc1 Rb6 21. O-O
Rc8 22. Nd4 Bh7 23. Qa3 Qe5 24. Rac1 Ne4 25. Nf3 Qe6 26. Rfd1 Rcb8 27. c4 dxc4
28. Bxc4 Qf6 29. Rd7 Bg6 30. h3 Rb2 31. Rf1 R8b4 32. Rd4 a5 33. Bd5 Rxd4 34.
exd4 Rc2 35. Qb3 Nd2 36. Nxd2 Rxd2 37. Qb8+ Kh7 38. Qg3 Qxd4 39. Bc6 Bd3 40.
Re1 Bc2 41. Qf3 Bg6 42. g3 Ra2 43. h4 Qb4 44. Re8 Qb1+ 45. Kh2 Qf1 46. h5 Rxf2+
47. Qxf2 Qxf2+ 48. Kh1 Bxh5 49. g4 Qh4+ 50. Kg1 Qxg4+ 51. Bg2 Qxa4 52. Ra8 Qa1+
53. Kh2 Qe5+ 54. Kh3 Qf5+ 55. Kh2 Bf3 56. Bh3 Qf4+ 57. Kg1 Qg3+ 58. Kf1 Qxh3+
59. Ke1 Bxa8 60. Kf2 Qf3+ 0-1

[Event "9.th Korbach B Open"]
[Site "Korbach"]
[Date "2017.10.21"]
[Round "5.2"]
[White "Maters, Arthur"]
[Black "Lages, Karl Heinz"]
[Result "1/2-1/2"]
[WhiteElo "1709"]
[BlackElo "1867"]
[PlyCount "95"]
[EventDate "2017.10.19"]
[EventType "swiss"]
[EventRounds "7"]
[EventCountry "GER"]
[SourceDate "2017.10.24"]

1. e4 e6 2. d4 d5 3. Nd2 Nf6 4. e5 Nfd7 5. c3 c5 6. Bd3 Nc6 7. Ndf3 cxd4 8.
cxd4 Be7 9. Ne2 O-O 10. O-O f5 11. exf6 Nxf6 12. Re1 Bd6 13. Bf4 Ne4 14. g3 g5
15. Bxd6 Rxf3 16. Bxe4 dxe4 17. Be5 Rd3 18. Qc1 Nxe5 19. dxe5 Bd7 20. Nc3 Bc6
21. Nxe4 Bxe4 22. Rxe4 Rc8 23. Rc4 Rxc4 24. Qxc4 Qd5 25. Qxd5 Rxd5 26. Rc1 Rd7
27. g4 Kf7 28. Kf1 Kg6 29. Rc8 Rd2 30. Rg8+ Kf7 31. Rxg5 Rxb2 32. Rh5 Kg7 33.
Rh3 Rxa2 34. Rc3 b5 35. Rc7+ Kg6 36. h4 b4 37. Rb7 a5 38. f4 Rc2 39. h5+ Kh6
40. Rb6 Kg7 41. f5 exf5 42. gxf5 Rc5 43. f6+ Kf7 44. Rb7+ Kf8 45. Rb8+ Kf7 46.
Rb7+ Kf8 47. Rb8+ Kf7 48. Rb7+ 1/2-1/2